[Event "Winnipeg TNT 2019.03"]
[Site "Winnipeg CAN"]
[Date "2019.03.12"]
[Round "3.9"]
[White "Letain, Cory"]
[Black "Leaden, Bruce"]
[Result "1/2-1/2"]
[WhiteElo "1678"]
[BlackElo "1484"]
[PlyCount "156"]
[EventDate "2019.03.05"]
[EventType "swiss"]
[EventRounds "4"]
[EventCountry "CAN"]

1. e4 e6 2. d4 d5 3. exd5 exd5 4. Nf3 Nf6 5. c4 Be7 6. Bd3 dxc4 7. Bxc4 O-O 8.
O-O Bg4 9. Bg5 Nc6 10. Nc3 Bxf3 11. Qxf3 Qxd4 12. Bb3 h6 13. Rad1 Qb6 14. Be3
Qb4 15. Qg3 Bd6 16. Qf3 Qg4 17. Qxg4 Nxg4 18. h3 Nxe3 19. fxe3 g6 20. Rf6 Kg7
21. Rdf1 Ne5 22. Ne4 Be7 23. R6f4 f5 24. Nc3 Bg5 25. Rb4 Bxe3+ 26. Kh1 Bb6 27.
Bd5 c6 28. Bc4 Nxc4 29. Rxc4 Rad8 30. Rb4 Rd4 31. Rb3 Rfd8 32. a4 R8d7 33. Re1
Ba5 34. Re8 Bxc3 35. bxc3 Rxa4 36. Rb8 b6 37. Rb2 Ra1+ 38. Kh2 Rad1 39. Re2 Kf6
40. Rbe8 R1d6 41. h4 Rb7 42. g4 fxg4 43. Rf2+ Kg7 44. Rff8 Rf7 45. Rg8+ Kf6 46.
h5 gxh5 47. Kg3 Rg7 48. Rgf8+ Kg6 49. Re5 Rf6 50. Rfe8 Rf5 51. R8e6+ Kg5 52.
Rxf5+ Kxf5 53. Rxh6 Kg5 54. Rxc6 h4+ 55. Kg2 Rh7 56. Rc4 h3+ 57. Kh2 Rf7 58.
Kg3 a5 59. Rxg4+ Kf5 60. Kxh3 Ra7 61. Ra4 b5 62. Ra1 Ke4 63. Rb1 Rb7 64. Rd1 a4
65. Rd4+ Ke3 66. Rb4 a3 67. Rb3 a2 68. Ra3 Kd3 69. Kg3 Kc2 70. Rxa2+ Kxc3 71.
Kf3 b4 72. Re2 b3 73. Re3+ Kb2 74. Ke4 Ka2 75. Kd3 b2 76. Re2 Ka1 77. Re1+
b1=Q+ 78. Rxb1+ Rxb1 {%04time} 1/2-1/2

[Event "Winnipeg TNT 2019.03"]
[Site "Winnipeg CAN"]
[Date "2019.03.19"]
[Round "3.10"]
[White "Ott, Richard"]
[Black "Lotecki, Ryan"]
[Result "1/2-1/2"]
[WhiteElo "1520"]
[BlackElo "1373"]
[PlyCount "85"]
[EventDate "2019.03.05"]
[EventType "swiss"]
[EventRounds "4"]
[EventCountry "CAN"]

1. d4 d5 2. c4 Nf6 3. cxd5 Nxd5 4. h3 Nc6 5. Nf3 Bf5 6. g4 Be4 7. Nbd2 Bg6 8.
Bg2 Nf4 9. Bf1 e6 10. e3 Nd3+ 11. Bxd3 Bxd3 12. a3 Qd5 13. Rg1 Bd6 14. Qb3 Ba6
15. Qxd5 exd5 16. b4 O-O-O 17. Ng5 Rd7 18. f4 h6 19. Ngf3 f6 20. Kf2 Re8 21.
Nb1 Bc4 22. Nc3 g5 23. f5 a6 24. Nd2 Rh7 25. Nxc4 dxc4 26. Nd5 Rf8 27. Bd2 h5
28. a4 hxg4 29. hxg4 b6 30. Rh1 Rh4 31. b5 Na5 32. Rxh4 gxh4 33. bxa6 Nb3 34.
Rd1 Kd7 35. e4 Nxd4 36. Bc3 Bg3+ 37. Kg2 Ne2 38. Nxb6+ Kc6 39. Bb4 Nf4+ 40. Kf3
Rb8 41. a7 Rh8 42. a8=Q+ Rxa8 43. Nxa8 1/2-1/2

[Event "Winnipeg TNT 2019.03"]
[Site "Winnipeg CAN"]
[Date "2019.03.26"]
[Round "4.1"]
[White "Baron, Gustav"]
[Black "Bince, Rolando"]
[Result "0-1"]
[WhiteElo "2228"]
[BlackElo "1889"]
[PlyCount "74"]
[EventDate "2019.03.05"]
[EventType "swiss"]
[EventRounds "4"]
[EventCountry "CAN"]

1. e4 c5 2. b4 cxb4 3. a3 bxa3 4. Bxa3 b6 5. d4 Bb7 6. Bd3 g6 7. Nf3 Bg7 8. O-O
Nf6 9. Qe2 O-O 10. Nbd2 d6 11. Bb2 Nbd7 12. Rfe1 e5 13. Nc4 Ne8 14. Ba3 exd4
15. Bxd6 Nxd6 16. Nxd6 Bc6 17. Rad1 Ne5 18. Nxe5 Qxd6 19. Nc4 Qc5 20. f4 Rfe8
21. e5 Rad8 22. Qf2 Bf8 23. h4 Bb5 24. Nd2 Bxd3 25. cxd3 Qd5 26. h5 f5 27. hxg6
hxg6 28. Qg3 Qe6 29. Kf2 Bb4 30. Rh1 Bxd2 31. Qh4 Be3+ 32. Kg3 Bxf4+ 33. Kxf4
Qxe5+ 34. Kg5 Qe7+ 35. Kxg6 Rd6+ 36. Kxf5 Rf8+ 37. Kg4 Qg7+ 0-1

[Event "Winnipeg TNT 2019.03"]
[Site "Winnipeg CAN"]
[Date "2019.03.26"]
[Round "4.2"]
[White "Wolchock, Theo"]
[Black "Orogun, Ibukun"]
[Result "1/2-1/2"]
[WhiteElo "2190"]
[BlackElo "1839"]
[PlyCount "87"]
[EventDate "2019.03.05"]
[EventType "swiss"]
[EventRounds "4"]
[EventCountry "CAN"]

1. e4 e6 2. d4 d5 3. e5 c5 4. c3 Nc6 5. Nf3 h6 6. Bd3 cxd4 7. cxd4 Bb4+ 8. Bd2
Nge7 9. O-O Bxd2 10. Qxd2 Bd7 11. Nc3 a6 12. Rac1 Rc8 13. Bb1 O-O 14. Nh4 f5
15. f4 Qb6 16. Nf3 Na5 17. b3 Qb4 18. Bd3 Ng6 19. Ne2 Qxd2 20. Nxd2 Rxc1 21.
Rxc1 Rc8 22. Rxc8+ Bxc8 23. g4 Kf7 24. gxf5 exf5 25. Kf2 Nc6 26. Ke3 Nh4 27.
Nf3 Nxf3 28. Kxf3 g5 29. Kg3 g4 30. h3 h5 31. hxg4 hxg4 32. Kf2 Kg6 33. Ke3 Be6
34. Ng3 Ne7 35. Be2 Nc8 36. Bd3 Nb6 37. Be2 Na8 38. Kd2 Nc7 39. Bd3 Ne8 40. Ke3
Ng7 41. Kf2 Nh5 42. Nxh5 Kxh5 43. Kg3 a5 44. a3 1/2-1/2

[Event "Winnipeg TNT 2019.03"]
[Site "Winnipeg CAN"]
[Date "2019.03.26"]
[Round "4.3"]
[White "Melnyk, Jim"]
[Black "Samson, Larry"]
[Result "1-0"]
[WhiteElo "1644"]
[BlackElo "1737"]
[PlyCount "119"]
[EventDate "2019.03.05"]
[EventType "swiss"]
[EventRounds "4"]
[EventCountry "CAN"]

1. e4 c5 2. Nf3 Nc6 3. Bd3 Qc7 4. c3 Nf6 5. Bc2 e5 6. O-O Be7 7. Re1 d6 8. h3
O-O 9. d3 h6 10. Be3 Be6 11. Nbd2 a5 12. Bb3 Bxb3 13. Qxb3 Rab8 14. Rac1 b5 15.
d4 c4 16. Qd1 Qb7 17. d5 Na7 18. Qe2 Nc8 19. Nh2 Qd7 20. f3 Bd8 21. Ndf1 Bb6
22. Ng3 Bxe3+ 23. Qxe3 Qa7 24. Kf2 Qxe3+ 25. Kxe3 g6 26. Ne2 Nd7 27. Ng4 Kg7
28. g3 Nc5 29. Nf2 Nb6 30. Rb1 a4 31. Nc1 Nbd7 32. b3 f5 33. b4 Nb7 34. Ne2 Nf6
35. Rf1 Rbe8 36. Rbe1 Nd8 37. Rg1 Nf7 38. Rg2 fxe4 39. fxe4 Ng5 40. h4 Ngh7 41.
g4 Rf7 42. Ng3 Ref8 43. h5 Ne8 44. hxg6 Kxg6 45. Nf5 Ng5 46. Rh1 Rh7 47. Rgh2
Rfh8 48. a3 Nf7 49. Nh3 Kf6 50. Nf2 Ng7 51. Nh4 Rg8 52. Nh3 Nh8 53. Rf2+ Ke7
54. g5 hxg5 55. Nxg5 Ke8 56. Nxh7 Nf7 57. Nf6+ Kf8 58. Nxg8 Kxg8 59. Rg1 Nh6
60. Rfg2 1-0

[Event "Winnipeg TNT 2019.03"]
[Site "Winnipeg CAN"]
[Date "2019.03.26"]
[Round "4.5"]
[White "Crawford, Gary"]
[Black "Czypinski, Jaroslaw"]
[Result "0-1"]
[WhiteElo "1561"]
[BlackElo "1929"]
[PlyCount "48"]
[EventDate "2019.03.05"]
[EventType "swiss"]
[EventRounds "4"]
[EventCountry "CAN"]

1. e4 d5 2. exd5 Qxd5 3. Nc3 Qe5+ 4. Qe2 Qxe2+ 5. Bxe2 e5 6. Nf3 Nc6 7. Nb5 Bd6
8. c3 Nf6 9. d3 h6 10. Bd2 Bf5 11. Nxd6+ cxd6 12. O-O-O Be6 13. a3 Ke7 14. h3
Rhc8 15. c4 b5 16. Bc3 a5 17. cxb5 Nd4 18. Kd2 Nxb5 19. Rc1 Nxc3 20. Rxc3 Nd5
21. Rxc8 Rxc8 22. g3 Nb6 23. Bd1 Nd7 24. Bc2 Bd5 0-1

[Event "Winnipeg TNT 2019.03"]
[Site "Winnipeg CAN"]
[Date "2019.03.26"]
[Round "4.6"]
[White "Gregoryanz, Philipp"]
[Black "Piche, Zachary"]
[Result "1-0"]
[WhiteElo "1528"]
[BlackElo "1499"]
[PlyCount "71"]
[EventDate "2019.03.05"]
[EventType "swiss"]
[EventRounds "4"]
[EventCountry "CAN"]

1. e4 c5 2. Nf3 d6 3. d4 cxd4 4. Nxd4 Nf6 5. Nc3 a6 6. Bc4 e6 7. O-O Nc6 8. Re1
Nxd4 9. Qxd4 Be7 10. e5 d5 11. exf6 Bxf6 12. Qd3 dxc4 13. Qxc4 Bd7 14. Be3 Rc8
15. Qb3 Bc6 16. Rad1 Qe7 17. Bf4 e5 18. Nd5 Bxd5 19. Rxd5 O-O 20. Bxe5 Rfe8 21.
f4 Bxe5 22. Rdxe5 Qd7 23. Qxb7 Qd4+ 24. Kh1 Rf8 25. Qxc8 f6 26. Qe6+ Kh8 27.
Qe7 Rg8 28. R5e3 Qxb2 29. Rg3 f5 30. c3 Qxa2 31. Qg5 h6 32. Qxf5 Qf2 33. Rg1
Re8 34. Qg6 Re7 35. f5 Qa2 36. f6 1-0

[Event "Winnipeg TNT 2019.03"]
[Site "Winnipeg CAN"]
[Date "2019.03.26"]
[Round "4.7"]
[White "Trueman, Francis"]
[Black "Ott, Richard"]
[Result "0-1"]
[WhiteElo "1427"]
[BlackElo "1520"]
[PlyCount "60"]
[EventDate "2019.03.05"]
[EventType "swiss"]
[EventRounds "4"]
[EventCountry "CAN"]

1. e4 c5 2. g3 Nf6 3. d3 Nc6 4. Nf3 e6 5. Bg2 d5 6. Nbd2 Be7 7. O-O O-O 8. Re1
Qc7 9. Nf1 Rd8 10. e5 Nd7 11. Bf4 Nf8 12. h4 Ng6 13. Qd2 d4 14. h5 Nxf4 15.
Qxf4 Nb4 16. Qd2 Bd7 17. a3 Nd5 18. N1h2 Re8 19. Bh3 Rad8 20. Ng5 h6 21. Ngf3
b5 22. Ng4 Bf8 23. Bg2 Bc8 24. Ngh2 Nb6 25. b3 c4 26. Qa5 cxd3 27. cxd3 a6 28.
Rec1 Qa7 29. Rc6 Nd5 30. Nxd4 Qxd4 0-1

[Event "Winnipeg TNT 2019.03"]
[Site "Winnipeg CAN"]
[Date "2019.03.26"]
[Round "4.8"]
[White "Gannon, Keith"]
[Black "Letain, Cory"]
[Result "0-1"]
[WhiteElo "1483"]
[BlackElo "1678"]
[PlyCount "62"]
[EventDate "2019.03.05"]
[EventType "swiss"]
[EventRounds "4"]
[EventCountry "CAN"]

1. e4 e5 2. Nf3 Nf6 3. d3 Nc6 4. Nc3 Bb4 5. Bd2 d5 6. Nxd5 Bxd2+ 7. Qxd2 Nxd5
8. exd5 Qxd5 9. Be2 O-O 10. O-O f5 11. c4 Qd6 12. a3 a5 13. Rac1 b6 14. Qc3 Nd4
15. Nxd4 exd4 16. Qc2 c5 17. Bf3 Ra7 18. Bd5+ Be6 19. Bxe6+ Qxe6 20. Rfe1 Qd6
21. Re2 f4 22. f3 Re7 23. Rce1 Re3 24. Kf2 Qf6 25. Kf1 Qh4 26. h3 Rf6 27. Qd2
Rg6 28. b4 Qg3 29. Rf2 Qh2 30. Rfe2 Qh1+ 31. Kf2 Qxg2# 0-1

[Event "Winnipeg TNT 2019.03"]
[Site "Winnipeg CAN"]
[Date "2019.03.26"]
[Round "4.9"]
[White "Leaden, Bruce"]
[Black "Lotecki, Ryan"]
[Result "1-0"]
[WhiteElo "1484"]
[BlackElo "1373"]
[Annotator "Bruce"]
[PlyCount "45"]
[EventDate "2019.03.05"]
[EventType "swiss"]
[EventRounds "4"]
[EventCountry "CAN"]

1. e4 c5 2. Nc3 Nc6 3. f4 e6 4. Nf3 Be7 5. Bb5 d5 6. exd5 exd5 7. O-O Nf6 8. d3
O-O 9. Bxc6 bxc6 10. b3 d4 11. Ne4 Re8 12. Ne5 Qd5 13. Qf3 Nxe4 14. dxe4 Qe6
15. Nc4 Ba6 16. f5 Qd7 17. e5 f6 18. e6 Qd5 19. Qg4 Kh8 20. Rf3 Rg8 21. Rh3 g5
22. fxg6 Rxg6 23. Qxg6 1-0

[Event "Winnipeg TNT 2019.05"]
[Site "Winnipeg CAN"]
[Date "2019.05.07"]
[Round "1.1"]
[White "Myrzaibraimova, Aibike"]
[Black "Konara, Harshani"]
[Result "0-1"]
[WhiteElo "1572"]
[BlackElo "2000"]
[PlyCount "82"]
[EventDate "2019.05.07"]
[EventType "swiss"]
[EventRounds "4"]
[EventCountry "CAN"]

1. e4 d5 2. exd5 Qxd5 3. Nc3 Qd8 4. d4 c6 5. Nf3 Bf5 6. Bc4 e6 7. O-O Nf6 8.
Re1 Be7 9. h3 h6 10. Bf4 O-O 11. Bh2 Bd6 12. Bxd6 Qxd6 13. Qd2 Nbd7 14. Nh4 Bh7
15. Bd3 Bxd3 16. Qxd3 Nb6 17. Ne4 Qe7 18. Nxf6+ Qxf6 19. Re4 Rad8 20. Qf3 Qxf3
21. Nxf3 Nc4 22. b3 Nd6 23. Re2 Nb5 24. Rd2 Rd6 25. c4 Nc7 26. Rad1 Rfd8 27.
Kf1 Ne8 28. c5 Rd5 29. Rd3 Nf6 30. Ne5 Ne4 31. g4 Ng5 32. h4 Ne4 33. f3 Nf6 34.
h5 Nd7 35. Nc4 Nxc5 36. R3d2 Na6 37. Ne3 R5d7 38. Ke2 Nb4 39. a3 Nd5 40. Nxd5
Rxd5 41. f4 b6 0-1

[Event "Winnipeg TNT 2019.05"]
[Site "Winnipeg CAN"]
[Date "2019.05.07"]
[Round "1.2"]
[White "Rutter, Blair"]
[Black "Allan, Gregory"]
[Result "1-0"]
[WhiteElo "1899"]
[BlackElo "1569"]
[PlyCount "131"]
[EventDate "2019.05.07"]
[EventType "swiss"]
[EventRounds "4"]
[EventCountry "CAN"]

1. c4 c5 2. g3 Nf6 3. Bg2 e6 4. e4 d6 5. Nc3 Be7 6. d3 Nc6 7. Nge2 Bd7 8. O-O
O-O 9. h3 Re8 10. f4 Rb8 11. Be3 a6 12. a4 Nb4 13. g4 Bc6 14. Ng3 Rf8 15. g5
Ne8 16. d4 cxd4 17. Bxd4 b6 18. h4 Nc7 19. Qb3 d5 20. cxd5 exd5 21. Be5 Bc5+
22. Kh1 d4 23. Rad1 d3 24. Nf5 Ne6 25. Bxb8 Qxb8 26. Ne3 Nxf4 27. Ncd5 Nfxd5
28. Nxd5 Bxd5 29. exd5 Qg3 30. Rf3 Qxh4+ 31. Rh3 Qxg5 32. Qc4 Re8 33. Be4 g6
34. Bxd3 Nxd3 35. Qxd3 Rd8 36. Qf3 Qe5 37. b3 Bd4 38. Rf1 Qxd5 39. Qxd5 Rxd5
40. Rd1 a5 41. Rhd3 Rh5+ 42. Kg2 Bc5 43. Rd7 Rg5+ 44. Kf3 Rf5+ 45. Ke4 Kg7 46.
Rc7 h5 47. Rd3 Kf6 48. Rdd7 Kg7 49. Rd2 Kf6 50. Rg2 h4 51. Rh2 Bf2 52. Rc2 Re5+
53. Kf3 Bg3 54. Rc6+ Re6 55. Rhc2 g5 56. Rxe6+ fxe6 57. Rc6 Be1 58. Rxb6 Kf5
59. Rb5+ e5 60. Rb8 g4+ 61. Ke3 h3 62. Rf8+ Kg5 63. Rg8+ Kh4 64. Ke2 Bc3 65.
Kf2 Bd4+ 66. Kf1 {and Black lost on time a few moves later.} 1-0

[Event "Winnipeg TNT 2019.05"]
[Site "Winnipeg CAN"]
[Date "2019.05.07"]
[Round "1.3"]
[White "Marshall, Carter"]
[Black "Bince, Rolando"]
[Result "1/2-1/2"]
[WhiteElo "1552"]
[BlackElo "1970"]
[PlyCount "152"]
[EventDate "2019.05.07"]
[EventType "swiss"]
[EventRounds "4"]
[EventCountry "CAN"]

1. e4 c5 2. d4 cxd4 3. c3 Nc6 4. cxd4 e5 5. d5 Nd4 6. Be3 Bb4+ 7. Nc3 Bc5 8.
Nge2 Qb6 9. Na4 Qa5+ 10. Nec3 a6 11. Nxc5 Qxc5 12. Bxd4 exd4 13. Ne2 Nf6 14. f3
d6 15. Qxd4 Qa5+ 16. Nc3 O-O 17. a3 b5 18. b4 Qd8 19. a4 Bd7 20. a5 Nh5 21.
O-O-O Rc8 22. Kb2 Re8 23. g3 Re7 24. Bd3 Bh3 25. Ne2 Bg2 26. Rhg1 Bxf3 27. Rc1
Nf6 28. Rxc8 Qxc8 29. Rc1 Rc7 30. Rxc7 Qxc7 31. Qb6 Qxb6 32. axb6 Bxe2 33. b7
Nd7 34. Bxe2 Kf8 35. Bg4 Nb8 36. Kc3 Ke7 37. Kd4 f6 38. Ke3 g6 39. Kf4 Kf7 40.
Be6+ Kf8 41. h4 h5 42. g4 hxg4 43. Bxg4 Ke7 44. h5 gxh5 45. Bxh5 Kd7 46. Bg4+
Kc7 47. Bc8 Kd8 48. Kf5 Ke7 49. Kg6 a5 50. bxa5 b4 51. Bg4 b3 52. Bd1 b2 53.
Bc2 Na6 54. Bd3 Nb8 55. Kf5 Kf7 56. Kf4 Ke7 57. Ke3 Kd7 58. Kd2 Kc7 59. Kc2
Kxb7 60. Kxb2 Na6 61. Kc3 Nc5 62. a6+ Ka7 63. Kd4 Nd7 64. Ke3 Nc5 65. Be2 Nb3
66. Kf4 Nc5 67. Kf5 Kb6 68. Kxf6 Nxe4+ 69. Ke6 Ka7 70. Bd3 Nc5+ 71. Kxd6 Nxd3
72. Ke7 Kxa6 73. d6 Ne5 74. Ke6 Nc6 75. d7 Kb7 76. Kd6 Kb6 1/2-1/2

[Event "Winnipeg TNT 2019.05"]
[Site "Winnipeg CAN"]
[Date "2019.05.07"]
[Round "1.4"]
[White "Proulx, Roy"]
[Black "Gregoryanz, Philipp"]
[Result "0-1"]
[WhiteElo "1864"]
[BlackElo "1539"]
[PlyCount "70"]
[EventDate "2019.05.07"]
[EventType "swiss"]
[EventRounds "4"]
[EventCountry "CAN"]

1. e4 e5 2. Nf3 Nc6 3. Bc4 Be7 4. c3 Nf6 5. d3 d5 6. exd5 Nxd5 7. h3 Be6 8. a3
Qd7 9. Bb5 Bf6 10. Qe2 Nf4 11. Bxf4 exf4 12. Qe4 O-O 13. Qxf4 a6 14. Bxc6 bxc6
15. d4 Rfe8 16. O-O Bc4 17. Re1 Rab8 18. Qc1 Bd5 19. Nbd2 Rxe1+ 20. Nxe1 Bg5
21. Qc2 Re8 22. Ndf3 Bf6 23. Qd3 Qc8 24. Nd2 Qb7 25. b4 Bg5 26. c4 Bxd2 27.
Qxd2 Bxc4 28. Nf3 Bd5 29. Ne5 Qc8 30. Rc1 Qe6 31. Qc2 Qf6 32. Nxc6 Bxc6 33.
Qxc6 Re1+ 34. Kh2 Qf4+ 35. g3 Qxf2+ 0-1

[Event "Winnipeg TNT 2019.05"]
[Site "Winnipeg CAN"]
[Date "2019.05.07"]
[Round "1.5"]
[White "Leaden, Bruce"]
[Black "Prince, Colin"]
[Result "0-1"]
[WhiteElo "1489"]
[BlackElo "1861"]
[PlyCount "44"]
[EventDate "2019.05.07"]
[EventType "swiss"]
[EventRounds "4"]
[EventCountry "CAN"]

1. e4 e5 2. Nf3 Nc6 3. Bb5 a6 4. Ba4 Nf6 5. d3 Bc5 6. Bxc6 dxc6 7. Be3 Qe7 8.
Bxc5 Qxc5 9. Nc3 Bg4 10. h3 Bh5 11. g4 Bg6 12. Qd2 O-O-O 13. Qg5 Rhe8 14. d4
Qb4 15. O-O-O exd4 16. a3 Qc4 17. Nd2 Qe6 18. Na4 Nxe4 19. Nxe4 Qxe4 20. Qd2
Qe2 21. Nc5 Qc4 22. Nb3 Re2 0-1

[Event "Winnipeg TNT 2019.05"]
[Site "Winnipeg CAN"]
[Date "2019.05.07"]
[Round "1.6"]
[White "Green, Jim"]
[Black "Magyar, Peter"]
[Result "1-0"]
[WhiteElo "1858"]
[BlackElo "1482"]
[PlyCount "85"]
[EventDate "2019.05.07"]
[EventType "swiss"]
[EventRounds "4"]
[EventCountry "CAN"]

1. e4 e6 2. d4 d5 3. e5 c5 4. c3 Nc6 5. Nf3 cxd4 6. cxd4 Bb4+ 7. Bd2 Nh6 8.
Bxb4 Nxb4 9. Na3 a6 10. Qa4+ Nc6 11. Nc2 Qa5+ 12. Qxa5 Nxa5 13. b3 O-O 14. Bd3
Nf5 15. g4 Ne7 16. Rc1 Nac6 17. h4 f6 18. h5 fxe5 19. Nxe5 Nxe5 20. dxe5 Nc6
21. Be2 Nxe5 22. Ne3 b5 23. O-O Bb7 24. Rc7 Rab8 25. f4 d4 26. fxe5 Rxf1+ 27.
Nxf1 Bd5 28. Nd2 a5 29. Bf3 Ba8 30. Bxa8 Rxa8 31. Rd7 Kf8 32. Rxd4 Ke7 33. a4
Rb8 34. Kf2 g5 35. h6 bxa4 36. bxa4 Rd8 37. Rxd8 Kxd8 38. Ne4 Ke7 39. Nxg5 Kf8
40. Nxh7+ Kf7 41. Nf6 Kg6 42. h7 Kg7 43. g5 1-0

[Event "Winnipeg TNT 2019.05"]
[Site "Winnipeg CAN"]
[Date "2019.05.07"]
[Round "1.7"]
[White "Marshall, Ken"]
[Black "Le Dorze, Phil"]
[Result "0-1"]
[WhiteElo "1473"]
[BlackElo "1793"]
[PlyCount "68"]
[EventDate "2019.05.07"]
[EventType "swiss"]
[EventRounds "4"]
[EventCountry "CAN"]

1. e4 e5 2. Nf3 d6 3. d4 Nc6 4. d5 Nce7 5. Nc3 Nf6 6. Bd3 Ng6 7. h3 Be7 8. Be3
a6 9. Qd2 c5 10. dxc6 bxc6 11. h4 Ng4 12. g3 Nxe3 13. Qxe3 h5 14. Nd2 d5 15.
exd5 cxd5 16. Bxg6 d4 17. Bxf7+ Kxf7 18. Qf3+ Bf6 19. Qxa8 dxc3 20. bxc3 Qc7
21. Qd5+ Be6 22. Qf3 Bg4 23. Qd3 Rd8 24. Qc4+ Qxc4 25. Nxc4 e4 26. O-O Be2 27.
Rfe1 Bxc4 28. Rxe4 Bxc3 29. Rb1 Bxa2 30. Rf4+ Kg8 31. Rb6 Rd1+ 32. Kh2 Bd5 33.
Rb8+ Kh7 34. Rf5 Rh1# 0-1

[Event "Winnipeg TNT 2019.05"]
[Site "Winnipeg CAN"]
[Date "2019.05.07"]
[Round "1.8"]
[White "Annakkage, Udaya"]
[Black "Gannon, Keith"]
[Result "1-0"]
[WhiteElo "1690"]
[BlackElo "1465"]
[PlyCount "120"]
[EventDate "2019.05.07"]
[EventType "swiss"]
[EventRounds "4"]
[EventCountry "CAN"]

1. e4 e5 2. f4 g6 3. Nf3 d6 4. Bc4 exf4 5. O-O Nc6 6. d4 Bh6 7. Nc3 Na5 8. Bd3
c5 9. dxc5 dxc5 10. Nd5 a6 11. Nxf4 c4 12. Be2 Qxd1 13. Rxd1 Bg4 14. Nd5 Rc8
15. h3 Bxf3 16. Bxf3 Bxc1 17. Raxc1 b5 18. Bg4 Rd8 19. Nc7+ Ke7 20. Nxa6 Rxd1+
21. Rxd1 Nf6 22. Bf3 Rd8 23. Rxd8 Kxd8 24. Kf2 h5 25. Ke3 Nd7 26. Kd4 Nc6+ 27.
Kd5 Nce5 28. Nc5 Nxf3 29. gxf3 g5 30. Nxd7 Kxd7 31. Kc5 c3 32. bxc3 Ke6 33. Kd4
f5 34. exf5+ Kxf5 35. Ke3 Ke5 36. a3 Kd5 37. Kd3 Ke5 38. c4 bxc4+ 39. Ke3 c3
40. a4 Kd5 41. a5 Kc5 42. a6 Kb6 43. Kd3 Kxa6 44. Kxc3 Kb5 45. Kd4 Kc6 46. c4
Kd6 47. c5+ Kc6 48. Kc4 Kc7 49. Kd5 Kd7 50. c6+ Kc7 51. Ke5 Kxc6 52. Kf5 g4 53.
fxg4 hxg4 54. hxg4 Kd7 55. Kf6 Ke8 56. Kg7 Ke7 57. g5 Ke6 58. g6 Ke7 59. Kg8
Kf6 60. g7 Kg6 1-0

[Event "Winnipeg TNT 2019.05"]
[Site "Winnipeg CAN"]
[Date "2019.05.07"]
[Round "1.9"]
[White "Lotecki, Ryan"]
[Black "Remillard, John"]
[Result "0-1"]
[WhiteElo "1287"]
[BlackElo "1648"]
[PlyCount "60"]
[EventDate "2019.05.07"]
[EventType "swiss"]
[EventRounds "4"]
[EventCountry "CAN"]

1. Nf3 Nf6 2. c4 e6 3. Nc3 c5 4. d4 cxd4 5. Nxd4 Bb4 6. Bd2 Nc6 7. e3 Qb6 8.
Ncb5 Bxd2+ 9. Qxd2 Nxd4 10. Qxd4 Qc6 11. Rd1 O-O 12. Be2 b6 13. Bf3 d5 14. O-O
Ba6 15. a4 Rfd8 16. b4 Bxb5 17. cxb5 Qe8 18. Rc1 Rac8 19. Be2 e5 20. Qd3 Qe7
21. Qb1 Ne4 22. Rc2 Nc3 23. Qb3 d4 24. Bc4 g6 25. f4 exf4 26. Rxf4 Qxe3+ 27.
Rcf2 Ne2+ 28. Kh1 Nxf4 29. Qxe3 dxe3 30. Rxf4 Rxc4 0-1

[Event "Winnipeg TNT 2019.05"]
[Site "Winnipeg CAN"]
[Date "2019.05.07"]
[Round "1.10"]
[White "Letain, Cory"]
[Black "Myrzaibraimova, Alia"]
[Result "1-0"]
[WhiteElo "1629"]
[BlackElo "1216"]
[PlyCount "67"]
[EventDate "2019.05.07"]
[EventType "swiss"]
[EventRounds "4"]
[EventCountry "CAN"]

1. d4 d5 2. e4 c6 3. Nc3 Nf6 4. e5 Ng4 5. h3 Nh6 6. f4 f6 7. Bd3 Bf5 8. g4 Bxd3
9. Qxd3 Nd7 10. e6 Nb6 11. g5 Ng8 12. g6 h6 13. f5 h5 14. Bf4 Nh6 15. O-O-O Nc4
16. b3 Nd6 17. Bxh6 Rxh6 18. h4 Qa5 19. Nge2 Qa3+ 20. Kb1 b5 21. Ng3 a6 22.
Nce2 b4 23. c3 a5 24. cxb4 axb4 25. Qc2 Qa6 26. Rc1 Kd8 27. Rh2 Nb5 28. Ka1 Nc3
29. Nxc3 bxc3 30. Qxc3 Qa7 31. Qxc6 Qxd4+ 32. Kb1 Qd3+ 33. Rhc2 Qa6 34. Qd7#
1-0

[Event "Winnipeg TNT 2019.05"]
[Site "Winnipeg CAN"]
[Date "2019.05.14"]
[Round "2.1"]
[White "Remillard, John"]
[Black "Rutter, Blair"]
[Result "0-1"]
[WhiteElo "1648"]
[BlackElo "1899"]
[PlyCount "86"]
[EventDate "2019.05.07"]
[EventType "swiss"]
[EventRounds "4"]
[EventCountry "CAN"]

1. Nf3 d5 2. c4 e6 3. e3 Nf6 4. Nc3 c6 5. d4 Bd6 6. c5 Bc7 7. Bd3 Nbd7 8. Qc2
e5 9. dxe5 Bxe5 10. Nxe5 Nxe5 11. Bd2 Nxd3+ 12. Qxd3 O-O 13. O-O-O Bg4 14. f3
Be6 15. g4 Qa5 16. Qd4 Nd7 17. b4 Qa3+ 18. Kb1 a5 19. Bc1 Qxb4+ 20. Kc2 f5 21.
a3 Qxc5 22. Qxc5 Nxc5 23. g5 Rfd8 24. Rd4 Bf7 25. h4 Bh5 26. Rh3 Ne6 27. Rd2 b5
28. Kb3 d4 29. Nd1 c5 30. e4 fxe4 31. fxe4 c4+ 32. Kc2 b4 33. axb4 axb4 34. Nf2
Ra4 35. Rg3 Rda8 36. Ng4 Bxg4 37. Rxg4 Ra2+ 38. Kd1 Rxd2+ 39. Kxd2 c3+ 40. Kc2
Nc5 41. e5 b3+ 42. Kb1 c2+ 43. Kb2 Ra2# 0-1

[Event "Winnipeg TNT 2019.05"]
[Site "Winnipeg CAN"]
[Date "2019.05.14"]
[Round "2.2"]
[White "Prince, Colin"]
[Black "Letain, Cory"]
[Result "0-1"]
[WhiteElo "1861"]
[BlackElo "1629"]
[PlyCount "102"]
[EventDate "2019.05.07"]
[EventType "swiss"]
[EventRounds "4"]
[EventCountry "CAN"]

1. e4 e5 2. Nf3 Nf6 3. d4 Nxe4 4. Bd3 d5 5. Nxe5 Bd6 6. O-O O-O 7. Qh5 Nd7 8.
f3 Nef6 9. Qg5 c5 10. c3 cxd4 11. cxd4 Qb6 12. Be3 h6 13. Nxd7 Bxd7 14. Qh4 Be5
15. Nd2 Nh7 16. Nb3 Bf6 17. Qh5 Rfe8 18. Bf2 Bb5 19. Bxb5 Qxb5 20. Nc5 b6 21.
a4 Qxb2 22. Nd3 Qc3 23. Rfd1 Bxd4 24. Rac1 Bxf2+ 25. Nxf2 Qe5 26. Qh4 Nf6 27.
h3 Qb2 28. Nd3 Qa2 29. Nb4 Qxa4 30. Ra1 Qb5 31. Rac1 Rac8 32. Qd4 Rxc1 33. Rxc1
a5 34. Nc6 Re2 35. Ne5 Qb2 36. Rc8+ Kh7 37. Qxb2 Rxb2 38. Nxf7 a4 39. Ra8 b5
40. f4 Kg6 41. Ra7 Kf5 42. g3 Ke4 43. Re7+ Kd4 44. Ne5 a3 45. Nf3+ Kc3 46. Ne1
Rb1 47. Kf2 Ne4+ 48. Ke2 a2 49. Rc7+ Kb3 50. Nc2 Rb2 51. Kd3 Rxc2 0-1

[Event "Winnipeg TNT 2019.05"]
[Site "Winnipeg CAN"]
[Date "2019.05.14"]
[Round "2.3"]
[White "Le Dorze, Phil"]
[Black "Furda, Ievgeniia-Diana"]
[Result "1-0"]
[WhiteElo "1793"]
[BlackElo "1584"]
[PlyCount "65"]
[EventDate "2019.05.07"]
[EventType "swiss"]
[EventRounds "4"]
[EventCountry "CAN"]

1. c4 Nf6 2. g3 g6 3. Bg2 Bg7 4. Nf3 O-O 5. O-O d6 6. Nc3 Nbd7 7. d4 c5 8. d5
Ng4 9. h3 Nge5 10. Nd2 Nb6 11. Qb3 Qc7 12. a4 Bf5 13. a5 Nc8 14. g4 Bd7 15. f4
Nxg4 16. hxg4 Bxg4 17. Nb5 Qd7 18. Nf3 Bh3 19. Rf2 Bxg2 20. Rxg2 e5 21. e4 Ne7
22. fxe5 dxe5 23. Qd3 b6 24. Bg5 f5 25. Bxe7 Qxe7 26. Ng5 fxe4 27. Qxe4 Rf4 28.
d6 Qf8 29. Qd5+ Kh8 30. Ne6 Qg8 31. Nxf4 exf4 32. Qxg8+ Kxg8 33. axb6 1-0

[Event "Winnipeg TNT 2019.05"]
[Site "Winnipeg CAN"]
[Date "2019.05.14"]
[Round "2.4"]
[White "Gregoryanz, Philipp"]
[Black "Abioye, Yemi"]
[Result "0-1"]
[WhiteElo "1539"]
[BlackElo "2039"]
[PlyCount "72"]
[EventDate "2019.05.07"]
[EventType "swiss"]
[EventRounds "4"]
[EventCountry "CAN"]

1. e4 e6 2. d4 d5 3. exd5 exd5 4. Nc3 Nf6 5. Nf3 c6 6. Bd3 Bd6 7. Bg5 O-O 8.
Qd2 Re8+ 9. Ne2 Bg4 10. O-O-O Nbd7 11. h3 Bh5 12. g4 Bg6 13. h4 Qc7 14. Kb1
Nxg4 15. Be3 Ngf6 16. Bxg6 fxg6 17. h5 Nxh5 18. Rdg1 Ndf6 19. Ng5 Re7 20. Ng3
Rae8 21. Nxh5 Nxh5 22. Qd3 Nf6 23. Rh4 Qd7 24. Rgh1 Qf5 25. Qd2 h6 26. Nh3 Ne4
27. Qc1 g5 28. Rh5 Qf3 29. Nxg5 Nxg5 30. Bxg5 hxg5 31. Rh8+ Kf7 32. Rxe8 Rxe8
33. a3 Bf4 34. Qf1 Re2 35. Rh3 Qe4 36. Qd1 Re1 0-1